Testimonios de El Mercado de valores : financiamiento externo : compilación de documentos publicados en la revista El mercado de valores 1940-1990 /

Testimonios de El mercado de valores consiste en la compilación de artículos, ensayos y conferencias que se publicaron entre 1941 y 1990 en la revista mexicana de título homólogo, con el propósito de celebrar el quincuagésimo aniversario de la publicación. Editada en seis volúmenes, se abordan temas...

Celý popis

Uloženo v:
Podrobná bibliografie
Hlavní autor: Bueno Zirión, Gerardo (coord.)
Další autoři: Tótoro Nieto, Dáuno (coordinación) (coordinación), León Figueroa, Julio de (compilación) (compilación), Rodríguez Cortés, María Elena (compilación) (compilación)
Médium: Kniha
Jazyk:španělština
Vydáno: México : Nacional Financiera, 1990, c1990
Témata:
Tagy: Přidat tag
Žádné tagy, Buďte první, kdo vytvoří štítek k tomuto záznamu!

MARC

LEADER 00000nam^a2200000^a^4500
001 000358521
005 20250623000000.0
009 20260310115329.594
020 |a 968-6651-29-2 
037 |a Acervo ITESO - Biblioteca 
041 |a ESP 
082 |a 330. 97206  |b TES V. 4 
100 |a Bueno Zirión, Gerardo  |e (coord.) 
240 1 1 |a [Testimonios de El mercado de valores] 
240 1 4 |a [El mercado de valores] 
245 1 0 |a Testimonios de El Mercado de valores :  |b financiamiento externo : compilación de documentos publicados en la revista El mercado de valores 1940-1990 /  |c Coord. de G. Bueno Zirión, D. Tótoro Nieto ; comp. de J. de León Figueroa, M.E. Rodríguez Cortés. 
264 4 |a México :  |b Nacional Financiera,  |c 1990, c1990 
300 |a 712 p. 
336 |a texto  |b txt  |2 rdacontenido 
337 |a sin mediación  |b n  |2 rdamedio 
338 |a volumen  |b nc  |2 rdasoporte 
520 |a Testimonios de El mercado de valores consiste en la compilación de artículos, ensayos y conferencias que se publicaron entre 1941 y 1990 en la revista mexicana de título homólogo, con el propósito de celebrar el quincuagésimo aniversario de la publicación. Editada en seis volúmenes, se abordan temas de política económica, desarrollo económico, participación del Estado, política financiera, inversión extranjera, deuda externa, industrialización y comercio exterior, referentes a la economía mexicana durante el siglo XX. 
610 |a Banco Internacional de Reconstrucción y Fomento 
610 |a Banco Interamericano de Desarrollo 
649 |a XX 
650 |a Transnacionales -  |z México 
650 |a Banca de Desarrollo -  |z México 
650 |a Bancos y Operaciones Bancarias -  |z México -  |x Historia -  |y Siglo XX 
650 |a Bancos y Operaciones Bancarias -  |z Latinoamerica -  |x Historia 
650 |a Exportaciones -  |z México -  |x Historia -  |y Siglo XX 
650 |a Deuda Externa -  |z México -  |x Historia -  |x Tema Principal 
650 |a Deuda Externa -  |z Latinoamérica -  |x Historia 
650 |a Deuda Pública -  |z México -  |x Historia 
650 |a Deuda Pública -  |z Latinoamérica -  |x Historia 
650 |a Presupuesto Nacional -  |z México 
650 |a Presupuesto Nacional -  |z Latinoamérica 
650 |a Presupuesto Público -  |z México 
650 |a Presupuesto Público -  |z Latinoamérica 
650 |a Dinero -  |z México 
650 |a Crédito -  |z México 
650 |a Mercado de Capitales 
650 |a Inversiones Extranjeras -  |z México -  |x Historia -  |y Siglo XX -  |x Tema Principal 
650 |a Inversiones Extranjeras -  |z Latinoamérica -  |x Historia -  |y Siglo XX 
650 |a Sistema Monetario -  |z México 
650 |a Sistema Monetario 
650 |a Sistema Financiero -  |z México 
650 |a Sistema Financiero 
650 |a Desarrollo Económico-Social -  |z México -  |x Historia -  |y Siglo XX 
650 |a Desarrollo Económico-Social -  |z Latinoamérica -  |x Historia -  |y Siglo XX 
650 |a Política Financiera -  |z México -  |x Historia -  |y Siglo XX 
650 |a Política Financiera -  |z Latinoamérica -  |x Historia -  |y Siglo XX 
650 |a Política Económica -  |z México -  |x Historia -  |y Siglo XX 
650 |a Política Económica -  |z Latinoamérica -  |x Historia -  |y Siglo XX 
650 |a Finanzas Internacionales -  |x Historia 
650 |a Finanzas Públicas -  |z México -  |x Historia -  |y Siglo XX 
650 |a Economía Internacional -  |x Historia -  |y Siglo XX 
650 |a Economía -  |z México -  |x Historia -  |y Siglo XX -  |x Tema Principal 
650 |a Economía -  |z Latinoamérica -  |x Historia -  |y Siglo XX 
650 |a Economía -  |x Publicaciones Periódicas Mexicanas 
700 |a Tótoro Nieto, Dáuno  |e (coordinación) 
700 |a León Figueroa, Julio de  |e (compilación) 
700 |a Rodríguez Cortés, María Elena  |e (compilación) 
910 |a Fondo General 
920 |a Impresos - Libros 
930 |a Colección General 
905 |a 101 
901 |a 0500251297  |b IT1  |c ACC  |d DT  |i D72223  |u 20250623 
902 |a https://opac.biblio.iteso.mx/vufind/Record/000358521